Od partizánskych oddielov k vojenským brigádam (Príspevok k účasti juhoslovanských Slovákov a Čechov v národnooslobodzovacom boji Juhoslávie.)

Bibliographic Details
Main Author: Sirácky, Ján, 1925-1998 (Author)
Format: Article
Language:Slovak
PhysicalDescription:Res. angl., lit. 43 zázn. v slov., srb.
Subjects:

MARC

LEADER 00000nab a2200000 a 4500
001 vtls000342645
003 SK-MaSNL
005 20260302230251.0
008 160204c1988 xo 0 slo
015 |a SNBRA19rr/mm-uuuuu 
035 |a CL0342767 
040 |a SNKBUCL  |b slo  |c SNKBUCL  |e AACR2 
041 0 |a slo 
044 |a xo  |c SK 
080 |a 949.71:323.113(=854)  |2 1981 
080 |a 323.113(=854)  |2 1981 
100 1 |a Sirácky, Ján,  |d 1925-1998  |4 aut  |9 191170 
245 1 0 |a Od partizánskych oddielov k vojenským brigádam  |b (Príspevok k účasti juhoslovanských Slovákov a Čechov v národnooslobodzovacom boji Juhoslávie.)  |c Ján Sirácky 
300 |b Res. angl., lit. 43 zázn. v slov., srb. 
650 0 7 |a národnooslobodzovacie hnutia  |2 snkbucl  |9 168058 
650 0 7 |a Slováci v zahraničí  |2 snkbucl  |9 14695 
650 0 7 |a Česi v zahraničí  |2 snkbucl  |9 265916 
655 7 |a články zo zborníkov  |2 snkbucl  |9 166140 
773 0 |t Slováci v zahraničí 14  |d Martin : Matica slovenská, 1988  |g S. 43-65 
850 |a Slovenská národná knižnica v Martine  |a MTA001 
852 |a SNK  |b KIS3GCP 
958 |a NB 
958 |a RK 
992 |a RZB 
999 |c 1532995  |d 1534925